00914nam a2200217 a 450000100100000000500170001000800410002704000250006808200210009310000650011424501450017926000580032430000340038250000290041665000260044565000280047170000460049904900090054595201250055499900170067900002297320200930021915.0101123s2001 mx r 000 p spa d aDO-SdBNPbspacBNPHU aCu861.42bCh431r1 aChacón y Calvo, José María,bCh431rd1893-1969.94724310aRomance tradicionales de Cuba /cJosé María Chacón y Calvo ; prólogo El Romance de Leonor de Guzmán por Fredo Arías de la Canal. aMéxico :bFrente de Afirmación Hispanista,c2001. axxxv, 127 p. :bil. ;c19 cm. aIncluye bibliografías. 4aPoesía cubana95226 4aLiteratura cubana914831 aArías de la Canal, Fredoepról.98096 aBNGR 001054708MOaGRbGRcCTd2010-11-24iLF1l0oCu861.42 Ch431rp22973-10r2020-06-25w2020-06-25y4ZPréstamo en sala c22470d22470